00807nam a2200229Ii 45000010005000000030009000050080041000140200015000550400033000700410008001030820015001111000034001262450041001602640082002013000012002833360026002953370028003213380027003499400050003769990017004269520134004433567CO-ViMGA241108s9999||||xx |||||||||||||| ||und|| a9589028942 aCO-ViMGAbspaerdacCO-ViMGA0 aspa04a923 - R4361 aJorge Alberto Restrepo94872610aRetrato de un patriarca antioqueño 1aBogotá, Colombia : Departamento Editorial del Banco de la República, 1992 avolumen atextbtxt2rdacontent aunmediatedbn2rdamedia avolumebnc2rdacarrier aidficha_siabuc: 3481. -- ficha_no_siabuc:3567 c43368d43368 001040708001aMEVIGERRbMEVIGERRcGENd2006-11-27o923 - R436pECA2131r2024-11-26 09:16:24tEj.1w2024-11-26yBKz3481 | 5124